| 000 | 00563nam a2200193Ia 4500 | ||
|---|---|---|---|
| 003 | GCL | ||
| 008 | 140319s9999 xx 000 0 eng d | ||
| 040 |
_aGCL / _cGCL |
||
| 082 | 0 | 4 |
_a370.19 _bD C |
| 100 | 1 | _aDEVILLAR, ROBERT A. | |
| 245 | 1 | 0 |
_aCULTURAL DIVERSITY IN SCHOOLS: FROM RHETORIC TO PRACTICE / _cDEVILLAR, ROBERT A. |
| 700 | 1 | _aFALTIS, CHRISTIAN | |
| 260 |
_a[S.N] : _bSTATE UNVIERSITY ، _c1994 |
||
| 300 | _a401 P | ||
| 650 | 0 | 4 | _aEDUCATIONAL TECHNOLOGY |
| 650 | 0 | 4 | _aEDUCATIONAL EQUALIZATION |
| 650 | 0 | 4 | _aCLASSROOM MANAGEMENT |
| 942 |
_2ddc _cBK |
||
| 999 |
_c25124 _d25124 |
||